| 000 | 00453cam a2200145 4500500 | ||
|---|---|---|---|
| 005 | 20260208003817.0 | ||
| 041 | _afre | ||
| 042 | _adc | ||
| 100 | 1 | 0 |
_aGrinshpun, Yana _eauthor |
| 245 | 0 | 0 | _aL'autorité de la graphie |
| 260 | _c2005. | ||
| 500 | _a11 | ||
| 786 | 0 | _nLangage et société | 113 | 3 | 2005-09-01 | p. 127-146 | 0181-4095 | |
| 856 | 4 | 1 | _uhttps://shs.cairn.info/revue-langage-et-societe-2005-3-page-127?lang=fr&redirect-ssocas=7080 |
| 999 |
_c1649013 _d1649013 |
||